|
|
|
|
| LEADER |
00000nam0a2200000 4500 |
| 001 |
250500 |
| 005 |
20231101232552.0 |
| 010 |
|
|
|a 5020013056
|
| 020 |
|
|
|a RU
|b 89-1079
|
| 035 |
|
|
|a (RuTPU)RU\TPU\book\272705
|
| 090 |
|
|
|a 250500
|
| 100 |
|
|
|a 20140213d1988 k y0rusy5003 ca
|
| 101 |
0 |
|
|a rus
|
| 102 |
|
|
|a RU
|
| 105 |
|
|
|a a z 001zy
|
| 200 |
1 |
|
|a Сейсмическая и электромагнитная миграция
|f М. С. Жданов, В. Ю. Матусевич, М. А. Френкель
|g Академия наук СССР (АН СССР), Институт земного магнетизма, ионосферы и распространения радиоволн (ИЗМИРАН) ; под ред. А. К. Урупов
|
| 210 |
|
|
|a Москва
|c Наука
|d 1988
|
| 215 |
|
|
|a 375 с.
|c ил.
|
| 320 |
|
|
|a Библиогр.: с. 372-374.
|
| 606 |
1 |
|
|a Мантия Земли
|x Геофизические исследования
|2 stltpush
|3 (RuTPU)RU\TPU\subj\40997
|9 60821
|
| 610 |
1 |
|
|a геология
|
| 610 |
1 |
|
|a земная кора
|
| 610 |
1 |
|
|a строение
|
| 610 |
1 |
|
|a сейсмические волны
|
| 610 |
1 |
|
|a функции Грина
|
| 610 |
1 |
|
|a спектральные представления
|
| 610 |
1 |
|
|a сейсмические поля
|
| 610 |
1 |
|
|a граничные условия
|
| 610 |
1 |
|
|a интегрирование
|
| 610 |
1 |
|
|a слоистые среды
|
| 610 |
1 |
|
|a электромагнитные поля
|
| 610 |
1 |
|
|a миграция
|
| 610 |
1 |
|
|a сейсмические изображения
|
| 610 |
1 |
|
|a фильтрация
|
| 610 |
1 |
|
|a миграционные преобразования
|
| 610 |
1 |
|
|a зондирование
|
| 675 |
|
|
|a 551.14:550.3
|v 3
|
| 700 |
|
1 |
|a Жданов
|b М. С.
|g Михаил Семенович
|
| 701 |
|
1 |
|a Матусевич
|b В. Ю.
|g Виктор Юрьевич
|
| 701 |
|
1 |
|a Френкель
|b М. А.
|g Михаил Абрамович
|
| 702 |
|
1 |
|a Урупов
|b А. К.
|4 340
|
| 712 |
0 |
2 |
|a Академия наук СССР (АН СССР)
|b Институт земного магнетизма, ионосферы и распространения радиоволн (ИЗМИРАН)
|2 stltpush
|3 (RuTPU)RU\TPU\col\12157
|
| 801 |
|
0 |
|a RU
|b RuMRKP
|c 19950417
|g psbo
|
| 801 |
|
1 |
|a RU
|b 63413507
|c 20140213
|
| 801 |
|
2 |
|a RU
|b 63413507
|c 20140226
|g RCR
|
| 942 |
|
|
|c BK
|